00262 a2200109 4500001000700000040003500007100002100042240003900063245003400102300000700136362000900143156008 cEscola São Tomás de Aquino aSYPRIANO, Lilian10aO fabuloso elixir do corajosolpor10aO fabuloso elixir do corajoso a280 a2006